000 00558nam a2200205Ia 4500
005 20250923150204.0
008 008 250917s9999 xx 000 0 eng d
037 _aTextual
040 _aDSWL
_beng
_cDSWL
041 _aeng
_2eng
084 _qDSWL
245 0 _aRural development administration in 21st century
_cby Singh Surat
260 _aNew Delhi
_b Deep & Deep Sons India
_c2006
300 _a439p.
365 _aINR
_b1280 . 0
650 _aMOHINDER SINGH
_9843199
925 _g1280 . 0
942 _cTEXL
999 _c1460594
_d1460594